logo

Bir Sreshtho Munshi Abdur Rouf Library
Jhenaidah Cadet College

The emergence and development of Dobhāsī literature in Bengal : (Record no. 7687)

MARC details
000 -LEADER
fixed length control field 00778nam a22002532a 4500
001 - CONTROL NUMBER
JCCL Control Number 7687
003 - CONTROL NUMBER IDENTIFIER
JCCL marc code UkOxU
005 - DATE AND TIME OF LATEST TRANSACTION
control field 20180310195702.0
008 - FIXED-LENGTH DATA ELEMENTS--GENERAL INFORMATION
fixed length control field 860101s1966 xx 000 0 eng d
035 ## - SYSTEM CONTROL NUMBER
system control number OCLC ocm02027463 from D960416M
040 ## - CATALOGING SOURCE
Original cataloging agency DLC
Transcribing agency IXA
Modifying agency EQO
041 ## - LANGUAGE CODE
Language code of Book eng
050 #0 - LIBRARY OF CONGRESS CALL NUMBER
Classification number PK1701
Item number .M34
082 ## - DEWEY DECIMAL CLASSIFICATION NUMBER
Classification number 891.4/4/109
Author mark and Year MAN 1966
100 1# - MAIN ENTRY--PERSONAL NAME
Personal name Mannan, Qazi Abdul.
245 14 - TITLE STATEMENT
Title The emergence and development of Dobhāsī literature in Bengal :
Statement of responsibility, etc up to 1855 A.D /
Remainder of title Qazi Abdul Mannan,
250 ## - EDITION STATEMENT
Edition statement [1st ed.]
260 ## - PUBLICATION, DISTRIBUTION, ETC. (IMPRINT)
Place of publication, distribution, etc Dacca :
Name of publisher, distributor, etc Dept. of Bengali and Sanskrit, University of Dacca,
Date of publication, distribution, etc [1966]
300 ## - PHYSICAL DESCRIPTION
Pagination 273 p. :
Dimensions 23 cm.
504 ## - BIBLIOGRAPHY, ETC. NOTE
Bibliography, etc Bibliography: p. [257]-265
650 #0 - SUBJECT ADDED ENTRY--TOPICAL TERM
Topical term or geographic name as entry element Bengali literature
General subdivision History and criticism
942 ## - ADDED ENTRY ELEMENTS (KOHA)
Source of classification or shelving scheme Dewey Decimal Classification
Koha item type Books
Holdings
Source of classification or shelving scheme Damaged status Not for loan Home library Current library Shelving location Cost, normal purchase price Total Checkouts Full call number Barcode Date last seen Copy number Koha item type
Dewey Decimal Classification     JCC Rouf Library JCC Rouf Library General Stacks 15.00   891.4/4/109 MAN 1966 10279 02/13/2018 C - 1 Books
Dewey Decimal Classification     JCC Rouf Library JCC Rouf Library General Stacks     891.4/4/109 MAN 1966 10319 02/13/2018 C - 2 Books

JCC Library | Contacts | JCC Home

Last Update on 23 September 2017
Copyright @ 2017-2020 JCC Rouf Library
Rouf Library, Jhenidah Cadet College (JCC), Bangladesh